[Event "?"]
[Site "Bern Match"]
[Date "1995.??.??"]
[Round "4"]
[White "Xie Jun"]
[Black "Brunner, Lucas"]
[Result "0-1"]
[WhiteElo "2555"]
[BlackElo "2535"]

1.e4 c6 2.d4 d5 3.Nc3 dxe4 4.Nxe4 Bf5 5.Ng3 Bg6 6.h4 h6 7.Nf3 Nf6 8.h5 Bh7
9.Bd3 Bxd3 10.Qxd3 e6 11.Bd2 Nbd7 12.O-O-O Be7 13.Qe2 O-O 14.Ne5 c5
15.dxc5 Nxc5 16.Ng4 Qc7 17.Kb1 Rfd8 18.Bc3 Nxg4 19.Qxg4 Bf8 20.a3 b5
21.Qe2 Qc6 22.f3 Rxd1+ 23.Rxd1 a5 24.Qd2 b4 25.axb4 axb4 26.Bxb4 Qa6
27.Ba3 Na4 28.Qd4 Bxa3 29.bxa3 Qb5+ 30.Qb4 Nc3+ 0-1

[Event "?"]
[Site "Bern Match"]
[Date "1995.??.??"]
[Round "8"]
[White "Xie Jun"]
[Black "Brunner, Lucas"]
[Result "1/2-1/2"]
[WhiteElo "2555"]
[BlackElo "2535"]

1.e4 c6 2.d4 d5 3.e5 Bf5 4.Nc3 e6 5.g4 Bg6 6.Nge2 Ne7 7.Nf4 Nd7 8.h4 h6
9.Nxg6 Nxg6 10.h5 Ne7 11.Be3 c5 12.f4 Nc6 13.dxc5 Bxc5 14.Bxc5 Nxc5
15.Qd2 Qb6 16.O-O-O O-O-O 17.Bg2 Kb8 18.Rhe1 Rc8 19.Kb1 Rhd8 20.b3 1/2-1/2

[Event "?"]
[Site "Bern op"]
[Date "1995.??.??"]
[Round "2"]
[White "Ellers, Holger"]
[Black "Chernin, Alexander"]
[Result "0-1"]
[WhiteElo "2355"]
[BlackElo "2600"]

1.d4 Nf6 2.c4 c5 3.d5 b5 4.cxb5 a6 5.f3 g6 6.e4 Bg7 7.Nc3 O-O 8.Bc4 Ne8
9.bxa6 Nd6 10.Bd3 Bxa6 11.Nge2 Bxd3 12.Qxd3 c4 13.Qd2 Na6 14.O-O Nb4
15.Nf4 Qb6+ 16.Kh1 Nb5 17.Rb1 Rfb8 18.a3 Na6 19.Nfe2 Nxc3 20.Nxc3 Qb3
21.Ra1 Nc5 22.a4 Nxa4 23.Nxa4 Rxa4 24.Rxa4 Qxa4 25.Re1 Rb3 26.Qf4 d6
27.Qh4 Rb7 28.f4 Qb4 29.e5 Qc5 30.exd6 Qxd6 31.Qg4 Rb8 32.Rd1 Qc5
33.Qf3 Rd8 34.h3 Rd6 35.Qe4 e6 36.Kh2 Rxd5 37.Rf1 h5 38.Re1 Bf6
39.Qc2 Kg7 40.Qa4 Rd3 41.Rf1 Bd4 42.Qe8 Be3 43.f5 gxf5 44.Bxe3 Rxe3
45.Qd7 Qe5+ 46.Kh1 Qg3 0-1

[Event "?"]
[Site "Bern op"]
[Date "1995.??.??"]
[Round "2"]
[White "Gallagher, Joe"]
[Black "Krueger, Erich"]
[Result "1-0"]
[WhiteElo "2515"]
[BlackElo "2230"]

1.e4 c6 2.d4 d5 3.e5 Bf5 4.Nf3 e6 5.Be2 c5 6.Be3 cxd4 7.Nxd4 Ne7 8.c4 Nbc6
9.Qa4 a6 10.Na3 Qa5+ 11.Qxa5 Nxa5 12.cxd5 exd5 13.O-O Nac6 14.Rad1 Nxd4
15.Bxd4 Nc6 16.Bb6 Be6 17.f4 Bxa3 18.bxa3 g6 19.Bf3 Ne7 20.Rc1 Rc8
21.Rxc8+ Nxc8 22.Bc5 Kd7 23.a4 b6 24.Bd4 Kc7 25.Rc1+ Kb7 26.Rb1 Kc7
27.Be2 a5 28.Ba6 Bf5 29.Rc1+ Kb8 30.e6 1-0

[Event "?"]
[Site "Bern op"]
[Date "1995.??.??"]
[Round "2"]
[White "Gulko, Boris"]
[Black "Sziebert, Adam"]
[Result "1-0"]
[WhiteElo "2595"]
[BlackElo "2330"]

1.Nf3 c5 2.c4 Nc6 3.d4 cxd4 4.Nxd4 Nf6 5.Nc3 Qb6 6.Nb3 e6 7.a3 d5
8.cxd5 Nxd5 9.Bd2 Nxc3 10.Bxc3 e5 11.e3 Be6 12.Nd2 Be7 13.Bc4 Bxc4
14.Nxc4 Qc5 15.Qb3 O-O 16.O-O b5 17.Na5 Nxa5 18.Bxa5 Qc4 19.Qxc4 bxc4
20.Rfd1 Rab8 21.Bc3 f6 22.Rd7 Bc5 23.g4 Rbd8 24.Rad1 Rxd7 25.Rxd7 Rf7
26.Rd8+ Rf8 27.Rd5 Bb6 28.Kg2 Rd8 29.Rxd8+ Bxd8 30.Kf3 Kf7 31.Ke4 Ke6
32.f4 Bc7 33.f5+ Kd7 34.Kd5 Bb6 35.e4 Bf2 36.Kxc4 Kc6 37.b4 a6 38.a4 Bb6
39.b5+ axb5+ 40.axb5+ Kd7 41.Bb4 1-0

[Event "?"]
[Site "Bern op"]
[Date "1995.??.??"]
[Round "2"]
[White "Gurevich, Dimitri"]
[Black "Pernutz, Hans-Gerhard"]
[Result "1-0"]
[WhiteElo "2530"]
[BlackElo "2265"]

1.d4 Nf6 2.c4 c5 3.Nf3 cxd4 4.Nxd4 e5 5.Nb5 d5 6.cxd5 Bc5 7.e3 O-O
8.N5c3 e4 9.Nd2 Re8 10.a3 Bf5 11.b4 Bf8 12.Nc4 Nbd7 13.Bb2 Ng4 14.Be2 Qh4
15.Bxg4 Bxg4 16.Qd4 Nf6 17.Nd2 Bh5 18.h3 Bg6 19.O-O Qg5 20.f4 exf3
21.Rxf3 Rad8 22.e4 Bd6 23.Raf1 Be5 24.Qf2 Rc8 25.Rd3 Bc7 26.Kh1 Qe5
27.d6 Bxd6 28.Nf3 Qf4 29.Rxd6 Qxd6 30.e5 Rxe5 31.Nxe5 Qxe5 32.Re1 Qf5
33.Qd4 Qc2 34.Nd5 Nh5 35.Ne7+ Kf8 36.Nxc8 1-0

[Event "?"]
[Site "Bern op"]
[Date "1995.??.??"]
[Round "2"]
[White "Hodgson, Julian"]
[Black "Jurek, Josef"]
[Result "1-0"]
[WhiteElo "2615"]
[BlackElo "2355"]

1.d4 e6 2.Nf3 Nf6 3.e3 b6 4.Bd3 Bb7 5.O-O d5 6.c4 Nbd7 7.cxd5 exd5
8.Nc3 Be7 9.b3 O-O 10.Bb2 a6 11.Rc1 Bd6 12.Ne2 Qe7 13.Rc2 Rfe8 14.Qa1 Ng4
15.Bf5 Nh6 16.Bh3 g5 17.Nxg5 Qxg5 18.Bxd7 Re7 19.Bh3 Bc8 20.Nf4 Bxh3
21.Nxh3 Qh4 22.Rc6 Re6 23.Qc1 Ng4 24.Rxd6 Rxd6 25.Qxc7 Qd8 26.Qc2 Rc8
27.Qd3 Qd7 28.f3 Nf6 29.e4 Rdc6 30.Qe3 Ne8 31.Nf2 Rg6 32.Bc3 f5
33.exf5 Qxf5 34.Ng4 Ng7 35.Re1 Qc2 36.Bb4 Re8 37.Qc1 1-0

[Event "?"]
[Site "Bern op"]
[Date "1995.??.??"]
[Round "2"]
[White "Ilijin, Neboisa"]
[Black "Wahls, Matthias"]
[Result "1/2-1/2"]
[WhiteElo "2280"]
[BlackElo "2555"]

1.e4 d5 2.exd5 Qxd5 3.Nc3 Qa5 4.d4 c6 5.Nf3 Nf6 6.Bf4 Bf5 7.Ne5 Nbd7
8.Nc4 Qd8 9.Be2 Nb6 10.Ne3 Bg6 11.O-O e6 12.a3 Be7 13.Bf3 O-O 14.h4 h6
15.h5 Bh7 16.Ne2 Nbd5 17.Nxd5 cxd5 18.Qd2 b5 19.c3 a5 20.Nc1 Ne4
21.Bxe4 Bxe4 22.Nd3 Qb6 23.Ne5 Rfc8 24.Rfe1 f6 25.Ng4 Bf5 26.Ne3 Be4
27.f3 Bh7 28.Nxd5 exd5 29.Rxe7 Re8 30.Rae1 Rxe7 31.Rxe7 Ra7 32.Re8+ Kf7
33.Qe3 Qc6 34.Rd8 Re7 35.Qf2 Qe6 36.Bd6 Re8 37.Rxe8 Qxe8 38.Bc7 a4
39.Qd2 Kg8 40.g4 Bb1 41.Kf2 1/2-1/2

[Event "?"]
[Site "Bern op"]
[Date "1995.??.??"]
[Round "2"]
[White "Kuzmin, Gennadi"]
[Black "Mikavica, Mirko"]
[Result "1-0"]
[WhiteElo "2545"]
[BlackElo "2270"]

1.e4 c5 2.Nf3 d6 3.d4 cxd4 4.Nxd4 Nf6 5.Nc3 a6 6.a4 e5 7.Nf3 h6 8.Bc4 Qc7
9.Bb3 Nbd7 10.O-O Nc5 11.Nd5 Nxd5 12.Bxd5 Be7 13.Ra3 a5 14.Be3 Bd7
15.Nd2 Bc6 16.Nc4 Nxe4 17.Nb6 Ra6 18.Qg4 Ng5 19.Rb3 h5 20.Qe2 Ne6
21.Rd1 Nf4 22.Bxc6+ Qxc6 23.Qb5 O-O 24.Bxf4 Qxb5 25.Rxb5 exf4 26.Nd5 Bg5
27.c4 Ra7 28.Kf1 g6 29.Re1 Kg7 30.b3 Rd8 31.Rb6 Bf6 32.Nxf4 Bd4 33.Rb5 b6
34.Rd1 Bc5 35.Nd3 Raa8 36.h4 Kf8 37.Ke2 Re8+ 38.Kf3 Re6 39.g3 Kg7
40.Nf4 Re5 41.Rd5 Rae8 42.Rd2 Re4 43.Kg2 R4e5 44.Nd3 R5e6 45.Kf1 Kf8
46.Rc2 Kg7 47.Rc1 Kf8 48.Re1 Kg7 49.Rxe6 Rxe6 50.Nf4 Re5 51.Nd5 Rxd5
52.cxd5 Kf6 53.f4 Kf5 54.b4 Bxb4 55.Rxb6 Ke4 56.Ke2 Kxd5 57.Rb8 Kc4
58.Rf8 Kb3 59.Kd3 Kxa4 60.Kc2 Be1 61.Rxf7 Bxg3 62.f5 gxf5 63.Rxf5 Kb4
64.Rxh5 1-0

[Event "?"]
[Site "Bern op"]
[Date "1995.??.??"]
[Round "2"]
[White "Link, Michael"]
[Black "Kengis, Edvins"]
[Result "0-1"]
[WhiteElo "2295"]
[BlackElo "2575"]

1.c4 b6 2.e4 Bb7 3.Nc3 e6 4.d4 Bb4 5.Qc2 Qh4 6.d5 f5 7.exf5 exd5
8.cxd5 Nf6 9.Bd2 Bxc3 10.Bxc3 O-O 11.O-O-O Qf4+ 12.Bd2 Qxf2 13.Nh3 Qc5
14.Qxc5 bxc5 15.Be3 d6 16.Nf4 Nbd7 17.Be2 Rfe8 18.Ne6 Bxd5 19.Rhe1 Bxe6
20.fxe6 Ne5 21.Bf4 Ng6 22.Bg3 Rab8 23.h4 Rb4 24.h5 Nf8 25.a3 Re4
26.Bb5 R8xe6 0-1

[Event "?"]
[Site "Bern op"]
[Date "1995.??.??"]
[Round "2"]
[White "Sher, Miron"]
[Black "Stoll, Ferdinand"]
[Result "1-0"]
[WhiteElo "2510"]
[BlackElo "2230"]

1.c4 f5 2.d4 Nf6 3.Nc3 g6 4.g3 Bg7 5.Bg2 d6 6.d5 O-O 7.Nh3 Nbd7 8.Nf4 Ne5
9.Qb3 c5 10.O-O Rb8 11.Bd2 h6 12.Nd3 Nxd3 13.exd3 e5 14.dxe6 Bxe6
15.Rfe1 Bf7 16.a4 Qd7 17.a5 a6 18.Na4 g5 19.Nb6 Qd8 20.Bc3 f4 21.d4 fxg3
22.fxg3 Qc7 23.Qd1 Rbe8 24.Qf3 Bxc4 25.Nxc4 cxd4 26.Rxe8 Rxe8 27.Bxd4 Ne4
28.Qd3 1-0

[Event "?"]
[Site "Bern op"]
[Date "1995.??.??"]
[Round "2"]
[White "Summermatter, Daniel"]
[Black "Savchenko, Stanislav"]
[Result "0-1"]
[WhiteElo "2345"]
[BlackElo "2585"]

1.d4 d5 2.g3 Bf5 3.Bg2 e6 4.Nf3 Nf6 5.O-O Be7 6.c4 c6 7.Nc3 O-O 8.Qb3 Qb6
9.c5 Qa6 10.Bf4 Nbd7 11.Rfc1 b6 12.cxb6 axb6 13.a4 h6 14.Nd2 Rfc8
15.e4 Bg4 16.Bf1 Qa5 17.f3 Bh5 18.Qc2 Qb4 19.Nb3 Bxf3 20.Bd2 Nxe4
21.Nxd5 Qd6 22.Nxe7+ Qxe7 23.Be1 Ng5 24.Nd2 Bd5 25.Ra3 Nf6 26.h4 Nge4
27.Nc4 Qd8 28.Ne3 Nd6 29.Nxd5 cxd5 30.Qb1 Nfe4 31.Rxc8 Rxc8 32.b4 Nc4
33.Ra1 Ncd2 34.Qd1 Qf6 35.Bg2 Qxd4+ 36.Kh2 Qb2 37.a5 Nf1+ 0-1

[Event "?"]
[Site "Bern op"]
[Date "1995.??.??"]
[Round "2"]
[White "Sutter, Oliver"]
[Black "Kindermann, Stefan"]
[Result "1/2-1/2"]
[WhiteElo "2310"]
[BlackElo "2585"]

1.d4 e6 2.Nf3 Nf6 3.c4 b6 4.g3 Ba6 5.Nbd2 d5 6.Bg2 Be7 7.O-O O-O 8.Ne5 Bb7
9.Qc2 c5 10.cxd5 exd5 11.dxc5 Bxc5 12.Ndf3 Nbd7 13.Bf4 Re8 14.Nd3 Bf8
15.Nd4 Rc8 16.Qa4 Nc5 17.Nxc5 bxc5 18.Qxa7 Qd7 19.Nf3 Rxe2 20.Ne5 Qb5
21.a4 Qa6 22.Qxa6 Bxa6 23.b3 Bd6 24.Rfe1 Rb2 25.Bg5 Ne4 26.Bxe4 dxe4
27.Nc4 Bxc4 28.bxc4 f5 29.g4 g6 30.a5 Be5 31.a6 Rb6 32.Ra3 Ra8
33.Be3 Rbxa6 34.Rxa6 Rxa6 35.Bxc5 Rc6 36.Ba7 Rxc4 37.gxf5 gxf5 38.f3 Bc3
39.Re3 Bd2 40.Re2 Bf4 41.fxe4 fxe4 42.Kg2 Kg7 43.Rf2 Bg5 44.Bb8 Kg6
45.Bg3 h5 46.Bd6 Rc3 47.Be5 Rb3 48.Bc7 Rd3 49.Bb8 h4 50.h3 Bf6 51.Bc7 Bd4
52.Rf4 Rd2+ 53.Kf1 e3 54.Ba5 Rf2+ 55.Rxf2 exf2 56.Bd8 1/2-1/2

[Event "?"]
[Site "Bern op"]
[Date "1995.??.??"]
[Round "2"]
[White "Tukmakov, Vladimir"]
[Black "Dervishi, Erald"]
[Result "1-0"]
[WhiteElo "2585"]
[BlackElo "2305"]

1.d4 Nf6 2.Nf3 e6 3.g3 b6 4.Bg2 Bb7 5.c4 Be7 6.Nc3 d5 7.cxd5 exd5
8.O-O O-O 9.Bf4 Na6 10.Rc1 Ne4 11.Ne5 c5 12.Nxe4 dxe4 13.dxc5 Nxc5
14.Qc2 Rc8 15.Qb1 Bg5 16.Rfd1 Qf6 17.Rxc5 bxc5 18.Nd7 Qf5 19.Bxg5 Qxg5
20.Nxf8 Rxf8 21.Bxe4 Bxe4 22.Qxe4 Rd8 23.Rd7 h6 24.Rxa7 Qc1+ 25.Kg2 Qxb2
26.Qc4 Rf8 27.Rc7 Qa3 28.Rxc5 Ra8 29.Rc8+ Rxc8 30.Qxc8+ Kh7 31.Qc2+ g6
32.Qb3 Qa8+ 33.f3 Kg8 34.a4 Qa7 35.Qb5 Qe3 36.a5 h5 37.h4 Kg7 38.a6 Kh7
39.Qc4 Kg8 40.Qa2 Qa7 41.Kf1 Kf8 42.Qa3+ Kg8 43.Qd6 Kh7 44.Qc6 Qd4
45.Qb7 Qd1+ 46.Kf2 Qd4+ 47.Kg2 Qc4 48.Qe7 Qxa6 49.Qxf7+ Kh8 50.Qe8+ Kg7
51.Qe5+ Kh7 52.Qc7+ Kh8 53.Kf2 Qe6 54.Qf4 Kh7 55.g4 hxg4 56.Qxg4 Qe5
57.Qg5 Qd4+ 58.Kg2 Qc4 59.Qe7+ Kg8 60.Kg3 Qb5 61.Qe6+ Kg7 62.Kf4 Qb4+
63.Qe4 Qf8+ 64.Kg3 Qc5 65.Kg2 Kh7 66.Qe6 Kg7 67.Qd7+ Kg8 68.Qd8+ Kh7
69.Qg5 Qc4 70.Qe7+ Kg8 71.Qe4 Qa6 72.Kg3 Qd6+ 73.f4 Qa6 74.Kg4 Kg7
75.Qe5+ Kh7 76.h5 gxh5+ 77.Qxh5+ Kg7 78.Qe5+ Kf7 79.f5 Qc4+ 80.Kf3 Qd3+
81.Qe3 Qd5+ 82.Qe4 Qb3+ 83.Kg4 Qd1 84.Kg5 Qd6 85.Qc4+ Kg7 86.Kg4 Qe5
87.e4 Qh2 88.Qc3+ Kf7 89.Qh3 1-0

[Event "?"]
[Site "Bern op"]
[Date "1995.??.??"]
[Round "3"]
[White "Barkhagen, Jonas"]
[Black "Milov, Leonid"]
[Result "1/2-1/2"]
[WhiteElo "2400"]
[BlackElo "2525"]

1.d4 Nf6 2.c4 c5 3.d5 b5 4.cxb5 a6 5.bxa6 g6 6.Nc3 Bxa6 7.e4 Bxf1
8.Kxf1 d6 9.g4 Bg7 10.Kg2 Qc8 11.h3 Na6 12.Bf4 Nd7 13.Nf3 h5 14.Qe2 hxg4
15.hxg4 Nf6 16.Rxh8+ Bxh8 17.Nh2 Nd7 18.Rh1 Ne5 19.Nf1 Bg7 20.Ne3 Rb8
21.Bh6 Bh8 22.Bf4 Bg7 23.Bxe5 Bxe5 24.Nc4 Bg7 25.f4 Nb4 26.Kg3 Qa6
27.e5 Kf8 28.b3 Rd8 29.exd6 exd6 30.Qf3 Nxa2 31.Ne4 Nb4 32.f5 gxf5
33.gxf5 Nxd5 34.f6 Nxf6 35.Nxf6 d5 36.Nxd5 1/2-1/2

[Event "?"]
[Site "Bern op"]
[Date "1995.??.??"]
[Round "3"]
[White "Chernin, Alexander"]
[Black "Barsov, Alexej"]
[Result "1/2-1/2"]
[WhiteElo "2600"]
[BlackElo "2445"]

1.c4 e6 2.g3 d5 3.Bg2 dxc4 4.Qa4+ Nd7 5.Na3 Rb8 6.Qxa7 Bc5 7.Qa4 Qf6
8.Nf3 c6 9.Nb1 b5 10.Qd1 Qe7 11.O-O Ngf6 12.d3 cxd3 13.Qxd3 O-O
14.Nc3 Rd8 15.Qc2 h6 16.b3 Bb7 17.Bb2 Ba3 18.Bxa3 Qxa3 19.Rfd1 Qe7
20.Nd4 b4 21.Na4 c5 22.Nc6 Bxc6 23.Bxc6 Ne5 24.Bg2 Rbc8 25.Qb2 Qc7
26.Rac1 c4 27.bxc4 Nxc4 28.Qb3 Qa7 29.Rxd8+ Rxd8 1/2-1/2

[Event "?"]
[Site "Bern op"]
[Date "1995.??.??"]
[Round "3"]
[White "Cramling, Pia"]
[Black "Lyrberg, Patrik"]
[Result "1-0"]
[WhiteElo "2520"]
[BlackElo "2415"]

1.d4 Nf6 2.c4 c6 3.Nc3 d5 4.Nf3 dxc4 5.a4 Bf5 6.Nh4 Bc8 7.e3 g6 8.Bxc4 Bg7
9.O-O O-O 10.f4 Nd5 11.Nf3 Be6 12.Be2 c5 13.e4 Nxc3 14.bxc3 cxd4
15.cxd4 Nc6 16.Be3 Bg4 17.d5 Bxa1 18.dxc6 Bb2 19.Qxd8 Raxd8 20.Rb1 Bxf3
21.gxf3 Bc3 22.cxb7 a5 23.Ba7 Bb4 24.e5 Rd2 25.Ba6 Rfd8 26.b8=Q Rxb8
27.Bxb8 Rd8 28.Bc7 Ra8 29.Bd3 1-0

[Event "?"]
[Site "Bern op"]
[Date "1995.??.??"]
[Round "3"]
[White "Gheorghiu, Florin"]
[Black "Ruzicka, Gernot"]
[Result "1-0"]
[WhiteElo "2475"]
[BlackElo "2135"]

1.d4 f5 2.g3 Nf6 3.Bg2 g6 4.c4 Bg7 5.Nc3 O-O 6.Nh3 d6 7.d5 c6 8.O-O Bd7
9.c5 dxc5 10.Qb3 cxd5 11.Nxd5 c4 12.Qxb7 Nc6 13.Nxf6+ Rxf6 14.Rd1 Rb8
15.Qxd7 Qxd7 16.Rxd7 Nb4 17.Bf4 Rbb6 18.Rc1 Nxa2 19.Rxc4 1-0

[Event "?"]
[Site "Bern op"]
[Date "1995.??.??"]
[Round "3"]
[White "Hobuss, Udo"]
[Black "Neyer, Renato"]
[Result "1-0"]
[WhiteElo "2355"]
[BlackElo "1955"]

1.d4 d5 2.c4 e6 3.Nc3 Nf6 4.Bg5 Nbd7 5.e3 c6 6.cxd5 exd5 7.Bd3 Bd6
8.Qc2 h6 9.Bh4 O-O 10.Nge2 Re8 11.h3 Be7 12.Bg3 Nb6 13.O-O Nh5 14.Bh2 Bd6
15.Rfe1 Bxh2+ 16.Kxh2 Be6 17.Ng1 Qd6+ 18.g3 Re7 19.Nf3 Nd7 20.Nh4 g5
21.Nf5 Bxf5 22.Bxf5 Ng7 23.Bd3 Nf6 24.Kg2 Rae8 25.a3 Ngh5 26.Rad1 a6
27.Qd2 Ne4 28.Bxe4 dxe4 29.d5 Rd7 30.dxc6 1-0

[Event "?"]
[Site "Bern op"]
[Date "1995.??.??"]
[Round "3"]
[White "Kaenel, Hansjuerg"]
[Black "Arbakov, Valentin"]
[Result "1/2-1/2"]
[WhiteElo "2375"]
[BlackElo "2500"]

1.Nf3 Nf6 2.e3 g6 3.b4 Bg7 4.Bb2 O-O 5.c4 d6 6.d4 c5 7.a3 Qb6 8.Nc3 Bd7
9.Qb3 a5 10.b5 Bf5 11.Na4 Qc7 12.dxc5 dxc5 13.Be5 Qd8 14.Nxc5 Nbd7
15.Nxd7 Nxd7 16.Bxg7 Kxg7 17.Be2 e5 18.Qc3 f6 19.O-O Qe7 20.Rfd1 Rfc8
21.Qd2 Nb6 22.Nh4 Nxc4 23.Nxf5+ gxf5 24.Qd7 Qxd7 25.Rxd7+ Kg6 26.h4 h5
27.Rxb7 a4 28.Rd1 Nxa3 29.Rdd7 Rh8 30.b6 e4 31.Rg7+ Kh6 32.Rgf7 Kg6
33.Rg7+ Kh6 34.Rgf7 Kg6 35.Rg7+ 1/2-1/2

[Event "?"]
[Site "Bern op"]
[Date "1995.??.??"]
[Round "3"]
[White "Koka, Osman"]
[Black "Blatny, Pavel"]
[Result "0-1"]
[WhiteElo "2000"]
[BlackElo "2485"]

1.d4 Nf6 2.c4 e6 3.Nf3 d5 4.Nc3 Bb4 5.e3 O-O 6.a3 Bxc3+ 7.bxc3 Nc6
8.Bd3 b6 9.O-O Ba6 10.cxd5 Bxd3 11.Qxd3 exd5 12.c4 Na5 13.Ne5 c5
14.cxd5 Qxd5 15.Bb2 c4 16.Qc2 Rac8 17.Bc3 Nb3 18.Rab1 Qe4 19.Qb2 Nd5
20.Rfe1 Nxc3 21.Qxc3 Qd5 22.Re2 Qa5 23.Qxa5 Nxa5 24.Rc2 Rfd8 25.Rb4 f6
26.Nf3 Rb8 27.a4 a6 28.Rcb2 Rdc8 29.Rxb6 Rxb6 30.Rxb6 c3 31.Ne1 c2
32.Nxc2 Rxc2 33.Kf1 Rc6 34.Rxc6 Nxc6 35.Ke2 Kf7 36.Kd3 Ke6 37.Kc4 Kd6
38.e4 Na5+ 39.Kb4 Nb7 40.Kc4 Kc6 41.f4 Nd6+ 42.Kd3 f5 43.d5+ Kc5
44.e5 Ne4 45.d6 Kd5 46.Kc2 Nc5 47.Kc3 a5 48.Kc2 Kc6 49.h4 h5 50.Kc3 Nxa4+
51.Kb3 Nc5+ 52.Ka3 Ne6 53.g3 Nc5 0-1

[Event "?"]
[Site "Bern op"]
[Date "1995.??.??"]
[Round "3"]
[White "Mukhametov, Eldar"]
[Black "Golubovic, Boris"]
[Result "1/2-1/2"]
[WhiteElo "2515"]
[BlackElo "2400"]

1.e4 Nf6 2.e5 Nd5 3.d4 d6 4.Nf3 g6 5.Bc4 Nb6 6.Bb3 Bg7 7.Ng5 e6 8.f4 dxe5
9.fxe5 c5 10.c3 cxd4 11.cxd4 Nc6 12.Nf3 f6 13.Nc3 O-O 14.O-O fxe5
15.Bg5 Qd7 16.dxe5 Nxe5 17.Nxe5 Rxf1+ 18.Qxf1 Qd4+ 19.Kh1 Qxe5
20.Bf4 Qf5 1/2-1/2

[Event "?"]
[Site "Bern op"]
[Date "1995.??.??"]
[Round "3"]
[White "Pavasovic, Dusko"]
[Black "Gulko, Boris"]
[Result "1/2-1/2"]
[WhiteElo "2440"]
[BlackElo "2595"]

1.e4 c5 2.c3 e6 3.d4 d5 4.exd5 exd5 5.Be3 c4 6.b3 cxb3 7.axb3 Bf5
8.Bd3 Bxd3 9.Qxd3 Nc6 10.Ne2 Bd6 11.Nd2 Nge7 12.Bf4 O-O 13.O-O Ng6
14.Bxd6 Qxd6 15.Qg3 Qf6 16.Rfe1 Rae8 17.Nf1 Qd8 18.Nf4 Nxf4 1/2-1/2

[Event "?"]
[Site "Bern op"]
[Date "1995.??.??"]
[Round "3"]
[White "Raetsky, Aleksander"]
[Black "Blauert, Juerg"]
[Result "1-0"]
[WhiteElo "2510"]
[BlackElo "2390"]

1.d4 d5 2.c4 dxc4 3.e3 Nf6 4.Bxc4 e6 5.Nf3 c5 6.O-O a6 7.b3 cxd4
8.Nxd4 Bd6 9.Bb2 O-O 10.Nd2 Bc7 11.f4 e5 12.fxe5 Bxe5 13.N2f3 Bd6
14.Qc2 Ng4 15.Rae1 b5 16.Bd3 g6 17.h3 Ne5 18.Nxe5 Bxe5 19.Be4 Ra7
20.Nxb5 Re7 21.Nd4 Rfe8 22.Bf3 Bc7 23.Qc3 Be5 24.Rd1 Bg7 25.Qb4 Qc7
26.Bd5 a5 27.Qc4 Qa7 28.Ba3 Ba6 29.Nb5 Bxb5 30.Qxb5 Qxe3+ 31.Kh1 1-0

[Event "?"]
[Site "Bern op"]
[Date "1995.??.??"]
[Round "3"]
[White "Savchenko, Stanislav"]
[Black "Miezis, Normunds"]
[Result "1/2-1/2"]
[WhiteElo "2585"]
[BlackElo "2435"]

1.d4 Nf6 2.c4 c5 3.d5 e6 4.Nc3 exd5 5.cxd5 Bd6 6.g3 O-O 7.Bg2 Re8
8.Nf3 Bc7 9.d6 Ba5 10.O-O Bxc3 11.bxc3 Ne4 12.Qd3 Qf6 13.Bf4 Nc6
14.Rac1 b6 15.Nd2 Nxd2 16.Bxc6 dxc6 17.Qxd2 Bd7 18.Bg5 Qe5 19.Be7 c4
20.Rfe1 f5 21.f3 b5 22.e4 a5 23.exf5 Qxf5 24.Qf2 b4 25.cxb4 axb4
26.Rxc4 Qd5 27.Rxb4 Rxa2 28.Qe3 Rd2 29.Qb3 Qxb3 30.Rxb3 Rxd6
31.Bxd6 Rxe1+ 32.Kf2 Rd1 33.Be5 1/2-1/2

[Event "?"]
[Site "Bern op"]
[Date "1995.??.??"]
[Round "3"]
[White "Ziger, Silvio"]
[Black "Zueger, Beat"]
[Result "0-1"]
[WhiteElo "2250"]
[BlackElo "2480"]

1.d4 Nf6 2.Nf3 g6 3.Bg5 Bg7 4.Nbd2 O-O 5.c3 d5 6.e3 Nbd7 7.Be2 Re8
8.O-O e5 9.b4 Qe7 10.Qb3 e4 11.Ne1 h6 12.Bh4 Nb6 13.c4 dxc4 14.Nxc4 Be6
15.Rc1 g5 16.Bg3 Nfd5 17.a3 c6 18.Nc2 Nxc4 19.Bxc4 b5 20.Bxd5 Bxd5
21.Qc3 Bc4 22.Rfd1 h5 23.h3 h4 24.Bh2 Qe6 25.Ne1 Rad8 26.a4 a6
27.axb5 axb5 28.Ra1 g4 29.hxg4 Qxg4 30.Qd2 Re6 31.Bf4 h3 32.f3 exf3
33.Nxf3 Rg6 34.Qf2 Qxg2+ 35.Qxg2 Rxg2+ 36.Kh1 Bd5 37.Rf1 Re8 38.Rad1 Ra8
39.Rde1 f5 40.e4 fxe4 0-1

[Event "?"]
[Site "Bern op"]
[Date "1995.??.??"]
[Round "3"]
[White "Zolki, M"]
[Black "Summermatter, Daniel"]
[Result "1-0"]
[WhiteElo "2000"]
[BlackElo "2345"]

1.e4 c5 2.Nf3 e6 3.d3 d5 4.Nbd2 Nc6 5.c3 Nf6 6.e5 Nd7 7.d4 cxd4 8.cxd4 f6
9.exf6 Nxf6 10.Bb5 Bd7 11.Qe2 Bd6 12.O-O O-O 13.Nb3 Qe8 14.Bxc6 Bxc6
15.Ne5 Bb5 16.Nd3 Ne4 17.f4 Qg6 18.Rf3 Qh5 19.Qc2 Rac8 20.Ndc5 b6
21.a4 Ba6 22.Rh3 Qg4 1-0

[Event "?"]
[Site "Bern op"]
[Date "1995.??.??"]
[Round "4"]
[White "Ammann, Walter"]
[Black "Mikhalchishin, Adrian"]
[Result "1-0"]
[WhiteElo "2305"]
[BlackElo "2500"]

1.Nf3 Nf6 2.g3 d5 3.Bg2 g6 4.O-O Bg7 5.d4 O-O 6.Bf4 b6 7.Qc1 Bb7 8.Rd1 Na6
9.c4 Rc8 10.Ne5 c6 11.Nc3 e6 12.Bh6 Qe7 13.Qg5 Rfe8 14.Qh4 Bxh6
15.Qxh6 c5 16.dxc5 Nxc5 17.Rd4 dxc4 18.Bxb7 Nxb7 19.Rh4 Nd6 20.e4 Qf8
21.Ng4 Qxh6 22.Nxh6+ Kg7 23.e5 Nh5 24.exd6 Red8 25.g4 Nf4 26.g5 Nd3
27.Ne4 Nxb2 28.Ng4 c3 29.Ngf6 Rh8 30.d7 Rcd8 31.Rc1 Na4 32.Nd6 h6
33.Rxa4 hxg5 34.Nde8+ Kf8 35.Rxa7 Ke7 1-0

[Event "?"]
[Site "Bern op"]
[Date "1995.??.??"]
[Round "4"]
[White "Arakhamia, Ketevan"]
[Black "Grant, Jonathan"]
[Result "1-0"]
[WhiteElo "2400"]
[BlackElo "2295"]

1.e4 c6 2.d4 d5 3.Nc3 dxe4 4.Nxe4 Bf5 5.Ng3 Bg6 6.Nf3 Nd7 7.Bd3 Ngf6
8.Bxg6 hxg6 9.O-O e6 10.c4 Qc7 11.Qe2 Bd6 12.Re1 O-O-O 13.Bg5 Bf4
14.a4 Bxg5 15.Nxg5 Nb8 16.Qe5 Rd7 17.h3 Na6 18.a5 Nb4 19.Re2 Rh4
20.Nf3 Rf4 21.Qc5 Na6 22.Qf8+ Rd8 23.Qxg7 Nb4 24.Ra3 c5 25.dxc5 Rg8
26.Qh6 Rxc4 27.Ra4 Qxc5 28.Ne5 Rc1+ 29.Kh2 Nbd5 30.Nd3 1-0

[Event "?"]
[Site "Bern op"]
[Date "1995.??.??"]
[Round "4"]
[White "Dobosz, Henryk"]
[Black "Einwiller, Dieter"]
[Result "1-0"]
[WhiteElo "2420"]
[BlackElo "2290"]

1.c4 e5 2.g3 c6 3.Nf3 e4 4.Nd4 Qb6 5.e3 Nf6 6.f4 d5 7.h3 c5 8.Nb3 d4
9.d3 exd3 10.Qxd3 Na6 11.exd4 cxd4 12.Qxd4 Qc6 13.Rh2 Bb4+ 14.Nc3 O-O
15.Bd2 Be6 16.Bg2 Qxc4 17.Bxb7 Rad8 18.Bxa6 Rxd4 19.Bxc4 Rxc4 20.g4 g6
21.Re2 Bxc3 22.bxc3 Nd5 23.Na5 Nxc3 24.Rxe6 Ra4 25.Re3 Ne4 26.Nb3 Nxd2
27.Nxd2 Rxf4 28.Rc1 Ra4 29.a3 Kg7 30.Rc7 g5 31.Ke2 a6 32.Nc4 h5
33.Kd3 hxg4 34.hxg4 Rb8 35.Kc3 Rb1 36.Kc2 Rb8 37.Rf3 Kg8 38.Rf5 Rb5
39.Kc3 Rb1 40.Rxg5+ Kf8 41.Rf5 Kg8 42.Rfxf7 Rc1+ 43.Kb3 1-0

[Event "?"]
[Site "Bern op"]
[Date "1995.??.??"]
[Round "4"]
[White "Ekstroem, Roland"]
[Black "Habibi, Ali"]
[Result "1-0"]
[WhiteElo "2430"]
[BlackElo "2190"]

1.e4 d6 2.d4 Nf6 3.Nc3 g6 4.Be3 c6 5.Qd2 b5 6.Bd3 a6 7.Nf3 Bg4 8.e5 Bxf3
9.gxf3 dxe5 10.dxe5 Nfd7 11.f4 Qa5 12.h4 e6 13.a4 Bb4 14.Ke2 bxa4
15.Qc1 Nc5 16.Bxc5 Bxc5 17.h5 Rg8 18.hxg6 hxg6 19.Rxa4 Qb6 20.Ne4 Nd7
21.Rh7 Be7 22.Rc4 Nf8 23.Rh3 Rd8 24.Ra4 a5 25.Qa1 Ra8 26.b4 f5
27.exf6 Bxb4 28.Qe5 Rd8 29.c3 Ba3 30.Rxa3 Qb2+ 31.Kf1 Qxa3 32.Qc7 Rd7
33.Qc8+ Rd8 34.f7+ Kxf7 35.Qxd8 Qc1+ 36.Kg2 1-0

[Event "?"]
[Site "Bern op"]
[Date "1995.??.??"]
[Round "4"]
[White "Gallagher, Joe"]
[Black "Barkhagen, Jonas"]
[Result "1/2-1/2"]
[WhiteElo "2515"]
[BlackElo "2400"]

1.e4 e6 2.d4 d5 3.Nc3 Nf6 4.Bg5 dxe4 5.Nxe4 Nbd7 6.Nf3 Be7 7.Nxf6+ Bxf6
8.Bxf6 Qxf6 9.Qd2 O-O 10.O-O-O e5 11.Bc4 Qc6 12.Qe2 e4 13.Nd2 Nf6
14.f3 exf3 15.Qxf3 Qd6 16.Ne4 Nxe4 17.Qxe4 Be6 18.Bxe6 Qxe6 19.Qxe6 fxe6
20.Rhe1 Rae8 21.Re2 c6 22.Rde1 Rf6 23.Kd2 Rd8 24.c3 Kf7 25.b4 Rd5
26.Re4 Rf2+ 27.R1e2 Rxe2+ 28.Kxe2 e5 29.dxe5 Ke6 30.c4 Rd7 31.a3 b5
32.h3 a5 33.cxb5 cxb5 34.bxa5 Ra7 35.Kd2 Rxa5 36.Re3 Ra4 37.Rb3 g5
38.Kc2 Rc4+ 39.Rc3 Re4 40.Kd3 Rxe5 41.Rc8 1/2-1/2

[Event "?"]
[Site "Bern op"]
[Date "1995.??.??"]
[Round "4"]
[White "Golubovic, Boris"]
[Black "Wahls, Matthias"]
[Result "1/2-1/2"]
[WhiteElo "2365"]
[BlackElo "2575"]

1.e4 d5 2.exd5 Qxd5 3.Nc3 Qa5 4.d4 c6 5.Nf3 Nf6 6.Bc4 Bf5 7.Bd2 e6
8.Qe2 Bb4 9.a3 Nbd7 10.O-O-O Bxc3 11.Bxc3 Qc7 12.Ne5 Nxe5 13.dxe5 Nd5
14.Bd2 O-O-O 15.g4 Bg6 16.f4 h5 17.h3 hxg4 18.hxg4 Rxh1 19.Rxh1 Qb6
20.Rf1 Qd4 21.c3 Qe4 22.f5 exf5 23.gxf5 Bxf5 24.Qxe4 Bxe4 25.Rxf7 Rh8
26.Kd1 Rh1+ 27.Ke2 Rh2+ 28.Ke1 Rh1+ 29.Ke2 Rh2+ 30.Ke1 Rh1+ 1/2-1/2

[Event "?"]
[Site "Bern op"]
[Date "1995.??.??"]
[Round "4"]
[White "Gulko, Boris"]
[Black "Kelecevic, Nedeyko"]
[Result "1/2-1/2"]
[WhiteElo "2595"]
[BlackElo "2450"]

1.c4 e6 2.Nc3 d5 3.d4 Nf6 4.cxd5 exd5 5.Bg5 c6 6.e3 Qb6 7.Qd2 Be7
8.Bd3 Qd8 9.Qc2 Nbd7 10.Nge2 O-O 11.O-O h6 12.Bf4 Ne8 13.f3 Bd6
14.Rad1 Bxf4 15.Nxf4 Ndf6 16.Qf2 Nc7 17.h3 Qd6 18.Bc2 b6 19.Rfe1 Ba6
20.Nfe2 Bxe2 21.Rxe2 Rad8 22.e4 dxe4 23.fxe4 Qe7 24.Bb3 Nh7 25.e5 Ng5
26.h4 Nge6 27.Ne4 Nb5 28.Nf6+ Kh8 29.d5 cxd5 30.Nxd5 Qc5 31.Red2 Rc8
32.a4 Nbc7 33.Qxc5 Nxc5 34.Bc2 Nxd5 35.Rxd5 Ne6 1/2-1/2

[Event "?"]
[Site "Bern op"]
[Date "1995.??.??"]
[Round "4"]
[White "Gurevich, Dimitri"]
[Black "Raetsky, Aleksander"]
[Result "1-0"]
[WhiteElo "2530"]
[BlackElo "2510"]

1.d4 d5 2.c4 dxc4 3.Nf3 Nf6 4.e3 e6 5.Bxc4 c5 6.O-O a6 7.Bb3 Nc6 8.Qe2 Qc7
9.Nc3 Bd6 10.Bd2 O-O 11.Rac1 Rd8 12.h3 cxd4 13.exd4 Bf4 14.Be3 Bd7
15.d5 exd5 16.Nxd5 Nxd5 17.Bxd5 Bxe3 18.fxe3 Be8 19.e4 Qe7 20.Qc4 Rac8
21.a3 Bd7 22.Qb3 Be6 23.Bxe6 fxe6 24.Qb6 h6 25.Rc3 Qc7 26.Qxc7 Rxc7
27.Ne5 Rd2 28.Rf2 Rd1+ 29.Kh2 Re1 30.Rc4 a5 31.Rfc2 Re3 32.Ra4 Rc8
33.Rxa5 Nxa5 34.Rxc8+ Kh7 35.Nc4 Nxc4 36.Rxc4 Rb3 37.Rc2 Kg6 38.Rf2 Re3
39.Rf3 Rxe4 40.Rb3 Re2 41.Rxb7 e5 42.Kg3 Kf5 43.Kf3 Rd2 44.a4 e4+
45.Ke3 Rd3+ 46.Ke2 Rd4 47.b3 g5 48.a5 Rd5 49.b4 Rd3 50.a6 Ra3 51.Rb5+ Kf4
52.Ra5 1-0